Catalog

Record Details

Catalog Search



Dítě jiného etnika v náhradní rodinné péči  Cover Image Book Book

Dítě jiného etnika v náhradní rodinné péči / Martina Vančáková

Record details

  • ISBN: 978-80-87455-05-0
  • Physical Description: 32 s. ; 21 cm
  • Edition: Vyd. 1.
  • Publisher: Praha : Středisko náhradní rodinné péče, 2011

Content descriptions

Bibliography, etc. Note:
Obsahuje bibliografii a bibliografické odkazy
Subject: náhradní rodinná péče
děti
etnicita
foster home care
children
ethnicity
Genre: příručky
handbooks and manuals

Available copies

  • 1 of 1 copy available at Common Catalog SPOK.

Holds

  • 0 current holds with 1 total copy.
Show Only Available Copies
Location Call Number / Copy Notes Barcode Shelving Location Status Due Date
Jabok Library SPr-3.3 424480044168 Odborná literatura Available -

LDR 01350nam a2200409 a 4500
00149817
003CZ-PrJAB
00520111222131455.0
007ta
008111125s2011 xr e f 000 0 cze
015 . ‡acnb002256136
020 . ‡a978-80-87455-05-0 ‡q(brož.)
035 . ‡a(CZ PrNK)nkc20112256136
035 . ‡a(OCoLC)773173190
040 . ‡aABA001 ‡bcze
072 7. ‡a364 ‡xSociální problémy vyžadující podporu a pomoc. Sociální zabezpečení ‡2Konspekt ‡918
080 . ‡a364-782.4 ‡2MRF
080 . ‡a316.346.32-053.2 ‡2MRF
080 . ‡a316.347 ‡2MRF
080 . ‡a(035) ‡2MRF
1001 . ‡aVančáková, Martina ‡7jx20111125034 ‡4aut
24510. ‡aDítě jiného etnika v náhradní rodinné péči / ‡cMartina Vančáková
250 . ‡aVyd. 1.
260 . ‡aPraha : ‡bStředisko náhradní rodinné péče, ‡c2011
300 . ‡a32 s. ; ‡c21 cm
504 . ‡aObsahuje bibliografii a bibliografické odkazy
65007. ‡anáhradní rodinná péče ‡7ph123400 ‡2czenas
65007. ‡aděti ‡7ph114392 ‡2czenas
65007. ‡aetnicita ‡7ph120007 ‡2czenas
65009. ‡afoster home care ‡2eczenas
65009. ‡achildren ‡2eczenas
65009. ‡aethnicity ‡2eczenas
6530 . ‡aděti odlišného etnika
655 7. ‡apříručky ‡7fd133209 ‡2czenas
655 9. ‡ahandbooks and manuals ‡2eczenas
910 . ‡aABG312
995 . ‡aska
901 . ‡a49817 ‡bAUTOGEN ‡c49817 ‡tbiblio

Additional Resources